<?xml version="1.0" encoding="UTF-8"?><?xml-stylesheet type="text/xsl" href="static/style.xsl"?><OAI-PMH xmlns="http://www.openarchives.org/OAI/2.0/" xmlns:xsi="http://www.w3.org/2001/XMLSchema-instance" xsi:schemaLocation="http://www.openarchives.org/OAI/2.0/ http://www.openarchives.org/OAI/2.0/OAI-PMH.xsd"><responseDate>2026-06-29T02:13:41Z</responseDate><request verb="GetRecord" identifier="oai:docta.ucm.es:20.500.14352/72551" metadataPrefix="marc">https://docta.ucm.es/rest/oai/request</request><GetRecord><record><header><identifier>oai:docta.ucm.es:20.500.14352/72551</identifier><datestamp>2024-06-20T15:47:37Z</datestamp><setSpec>com_20.500.14352_14</setSpec><setSpec>col_20.500.14352_15</setSpec></header><metadata><record xmlns="http://www.loc.gov/MARC21/slim" xmlns:dcterms="http://purl.org/dc/terms/" xmlns:xsi="http://www.w3.org/2001/XMLSchema-instance" xmlns:doc="http://www.lyncode.com/xoai" xsi:schemaLocation="http://www.loc.gov/MARC21/slim http://www.loc.gov/standards/marcxml/schema/MARC21slim.xsd">
   <leader>00925njm 22002777a 4500</leader>
   <datafield ind2=" " ind1=" " tag="042">
      <subfield code="a">dc</subfield>
   </datafield>
   <datafield ind2=" " ind1=" " tag="720">
      <subfield code="a">Sanahuja Perales, José Antonio</subfield>
      <subfield code="e">author</subfield>
   </datafield>
   <datafield ind2=" " ind1=" " tag="260">
      <subfield code="c">2022</subfield>
   </datafield>
   <datafield ind2=" " ind1=" " tag="520">
      <subfield code="a">La Unión Europea y América Latina y el Caribe enfrentan un escenario adverso como consecuencia de la crisis de la globalización, la creciente competencia geopolítica, de la que es una expresión la guerra de Ucrania, y la materialización de riesgos globales como la pandemia del COVID-19. Estos elementos demandan una nueva racionalidad y narrativa movilizadora para el relanzamiento de las relaciones y la cooperación entre ambas regiones. Este artículo propone tres elementos: la revitalización de la democracia, la búsqueda de una mayor autonomía estratégica, y una recuperación transformadora que implica una “triple transición”: social, productiva y digital, y ecológica. Este artículo argumenta que estos tres elementos, de los que es un ejemplo el Pacto Verde Europeo, pueden dar un nuevo impulso a las relaciones birregionales y la “asociación estratégica” Unión Europa-América Latina y el Caribe.</subfield>
   </datafield>
   <datafield ind2=" " ind1=" " tag="520">
      <subfield code="a">The European Union and Latin America and the Caribbean face an adverse scenario as a consequence of the globalisation crisis, growing geopolitical competition, of which the war in Ukraine is an expression, and the materialisation of global risks such as the COVID-19 pandemic. These elements call for a new rationality and mobilising narrative for the relaunching of relations and cooperation between the two regions. This article proposes three elements: the revitalisation of democracy, the search for greater strategic autonomy, and a transformative recovery that implies a ‘triple transition’: social, productive and digital, and ecological. It argues that these three elements, of which the European Green Pact is an example, can give new impetus to bi-regional relations and the EU-LAC ‘strategic partnership</subfield>
   </datafield>
   <datafield ind1="8" ind2=" " tag="024">
      <subfield code="a">2382-5014</subfield>
   </datafield>
   <datafield ind1="8" ind2=" " tag="024">
      <subfield code="a">10.21500/23825014.6097</subfield>
   </datafield>
   <datafield ind1="8" ind2=" " tag="024">
      <subfield code="a">https://hdl.handle.net/20.500.14352/72551</subfield>
   </datafield>
   <datafield ind1="8" ind2=" " tag="024">
      <subfield code="a">https://doi.org/10.21500/23825014.6097</subfield>
   </datafield>
   <datafield ind2="0" ind1="0" tag="245">
      <subfield code="a">La Unión Europea y América Latina: coyunturas críticas y nuevo contrato social</subfield>
   </datafield>
</record></metadata></record></GetRecord></OAI-PMH>